NBA Player By Jersey - Statistics

General Stats
  • This quiz has been taken 369 times
  • The average score is 36 of 48
Answer Stats
Picture Answer % Correct
Michael Jordan
97%
Shaquille O'Neal
97%
Stephen Curry
97%
LeBron James
96%
Dirk Nowitzki
94%
Giannis Antetokounmpo
93%
Kevin Durant
92%
Kobe Bryant
90%
Dwayne Wade
88%
Hakeem Olajuwon
88%
Larry Bird
87%
James Harden
85%
Nikola Jokic
84%
Kevin Garnett
83%
Vince Carter
83%
Carmelo Anthony
82%
Steve Nash
81%
Bill Russell
80%
Kareem Abdul-Jabbar
80%
Karl Malone
80%
Damian Lillard
79%
Magic Johnson
79%
Reggie Miller
79%
David Robinson
78%
Anthony Davis
76%
Isaiah Thomas
76%
Allen Iverson
75%
Julius Erving
75%
Tim Duncan
75%
De'Aaron Fox
74%
John Wall
73%
Patrick Ewing
73%
Scottie Pippen
70%
Clyde Drexler
68%
Charles Barkley
64%
Dominique Wilkins
64%
John Stockton
64%
Chris Bosh
63%
Andre Iguodala
61%
Oscar Robertson
59%
Tracy McGrady
59%
Wilt Chamberlain
59%
Jerry West
56%
Ray Allen
54%
Paul Pierce
53%
Wes Unseld
47%
Moses Malone
43%
Alex English
42%
No matching quizzes found
Score Distribution
Percent of People with Each Score
Percentile by Number Answered
Your Score History
You have not taken this quiz